[Event "HUN-chT2 Asztalos 1718"]
[Site "Hungary"]
[Date "2018.05.06"]
[Round "9.10"]
[White "Dan, Daniel"]
[Black "Dani, Ferenc"]
[Result "1-0"]
[WhiteElo "1744"]
[BlackElo "1645"]
[PlyCount "81"]
[EventDate "2017.10.29"]
[EventType "team-tourn"]
[EventRounds "9"]
[EventCountry "HUN"]
[SourceTitle "EXT 2021"]
[Source "ChessBase"]
[SourceDate "2020.10.23"]
[SourceVersion "1"]
[SourceVersionDate "2020.10.23"]
[SourceQuality "1"]
[WhiteTeam "Marcali"]
[BlackTeam "Pecs Karmin"]
[WhiteTeamCountry "HUN"]
[BlackTeamCountry "HUN"]

1. e4 Nf6 2. e5 Nd5 3. d4 d6 4. Bc4 c6 5. f4 dxe5 6. dxe5 e6 7. Bxd5 cxd5 8. Be3 Nc6 9. Nf3 Be7 10. Nc3 0-0 11. Qe2 b6 12. 0-0-0 Bb7 13. Ne4 Qc7 14. Neg5 Bxg5 15. Nxg5 h6 16. Nf3 Rac8 17. Kb1 Na5 18. Nd4 a6 19. g4 Nc4 20. Bc1 Qe7 21. h4 g6 22. h5 g5 23. f5 Kh8 24. Rhf1 Rce8 25. b3 Na5 26. fxe6 fxe6 27. Qd3 Bc8 28. Bb2 Rf4 29. Rxf4 gxf4 30. Qg6 Qf8 31. Rf1 Nb7 32. Nf5 Nd8 33. Nd6 Re7 34. Nxc8 Rg7 35. Qxh6+ Kg8 36. Qxf4 Rf7 37. Qg5+ Kh8 38. Rxf7 Nxf7 39. Qf6+ Kh7 40. Nd6 Kg8 41. Qg6+ 1-0